|
|
|
|
| LEADER |
00613cam a2200169 7i4500 |
| 001 |
0000026355 |
| 005 |
20110714090000.0 |
| 022 |
0 |
0 |
|a 13948881
|
| 090 |
0 |
0 |
|a M 910.259595
|b TEL
|
| 110 |
2 |
0 |
|a Telekom Malaysia Group
|
| 245 |
2 |
0 |
|a 2011 Panduan telefon pelanggan perniagaan :
|b Pulau Pinang.
|
| 260 |
0 |
0 |
|a Kuala Lumpur:
|b Telekom Publications,
|c 2011.
|
| 300 |
# |
# |
|a [v.p].
|
| 650 |
0 |
0 |
|a Telephone --
|x Directories --
|z Pulau Pinang, Malaysia
|
| 651 |
0 |
0 |
|a Pulau Pinang, Malaysia
|
| 999 |
|
|
|a PNG000958H
|b Directories
|c Malaysia
|e MATRADE Northern Regional Office
|
| 999 |
|
|
|a 0000028559
|b Directories
|c Malaysia
|e Business Information Centre
|